MARC

LEADER 00000nam0a2200000 4500
001 131208
005 20231031134241.0
035 |a (RuTPU)RU\TPU\book\142105 
090 |a 131208 
100 |a 20080214d1981 m y0rusy50 ca 
101 0 |a rus 
102 |a RU 
105 |a a z 001zy 
200 1 |a Введение в молекулярную радиобиологию: физико-химические основы  |f Н. В. Тимофеев-Ресовский, А. В. Савич, М. И. Шальнов 
210 |a Москва  |c Медицина  |d 1981 
215 |a 320 с.  |c ил. 
320 |a Библиогр.: с. 303-318. 
610 1 |a молекулярная радиобиология 
610 1 |a физико-химические основы 
610 1 |a ионизирующая радиация 
610 1 |a молекулы 
675 |a 577.3  |v 3 
700 1 |a Тимофеев-Ресовский  |b Н. В.  |g Николай Владимирович 
701 1 |a Савич  |b А. В.  |g Алексей Владимирович 
701 1 |a Шальнов  |b М. И.  |g Михаил Иванович 
801 1 |a RU  |b 63413507  |c 20080214  |g PSBO 
801 2 |a RU  |b 63413507  |c 20091214  |g PSBO 
900 |a Медико-биологические основы радиационной безопасности 
942 |c BK